00362nam a2200157Ia 4500008004100000020001500041041001200056082001600068100001200084245003400096250000800130260002500138300000800163650001800171700001500189221030s9999 xx 000 0 und d a0070585121 aEnglish a105.23bHaa aS. Haag 0aManagement Information System a4th bTMHaNew Delhic2003 a550 aMBA Computers aM. Cumming